000 01575cam a2200397 a 4500
001 EDZ0000117348
003 StDuBDS
005 20161031105200.0
006 m||||||||d||||||||
007 cr |||||||||||
008 130111s2004 enkc fo| 000|0|eng d
020 _a9781446263280 (ebook) :
_cNo price
040 _aStDuBDS
_beng
_cStDuBDS
_epn
041 0 _aeng
_afre
049 _aAlfaisal Main Library
050 0 _aP85.B33
_bR645 2004
082 0 4 _a300.92
_223
245 0 0 _aRoland Barthes
_h[electronic resource] /
_cedited by Mike Gane & Nicholas Gane.
260 _aLondon :
_bSAGE,
_c2004.
300 _a1 online resource (3 v.) :
_bports.
490 1 _aSAGE masters of modern social thought
520 8 _aRoland Barthes (1915-1980) was one of the leading post-structuralist authors of his day as well as making many important contributions to semiotics. These volumes provide a complete overview of his achievements.
521 _aSpecialized.
546 _aText in English with one chapter and some passages in French.
588 _aDescription based on print version record.
504 _aIncludes bibliographical references.
600 1 0 _aBarthes, Roland
_xCriticism and interpretation.
655 7 _aElectronic books.
_2local
700 1 _aGane, Mike.
700 1 _aGane, Nicholas,
_d1971-
710 2 _aSage eBooks
776 0 8 _iPrint version :
_z9780761949527
830 0 _aSAGE masters of modern social thought.
856 4 0 _uhttp://ezproxy.alfaisal.edu/login?url=http://sk.sagepub.com/navigator/roland-barthes
942 _2lcc
_cEBOOKS
999 _c481135
_d481135